[Event "25th Czech Open A 2014"]
[Site "Pardubice CZE"]
[Date "2014.07.21"]
[Round "4.18"]
[White "Vetoshko, Volodymyr"]
[Black "Belyakov, Bogdan"]
[Result "1/2-1/2"]
[WhiteTitle "FM"]
[BlackTitle "IM"]
[WhiteElo "2338"]
[BlackElo "2456"]
[WhiteFideId "14122480"]
[BlackFideId "24104795"]
[EventDate "2014.07.18"]

1. e4 e5 2. Nf3 Nc6 3. Bb5 Nf6 4. O-O Nxe4 5. d4 Nd6 6. dxe5 Nxb5 7. a4 Nbd4 8.
Nxd4 Nxd4 9. Qxd4 d5 10. exd6 Qxd6 11. Qe4+ Qe6 12. Qd4 Qd6 13. Qe4+ Be7 14. Nc3
c6 15. Bf4 Qg6 16. Rfe1 Be6 17. Rad1 O-O 18. Qxg6 hxg6 19. Bd6 Bxd6 20. Rxd6
Rfd8 21. Rxd8+ Rxd8 22. Rd1 Re8 23. f3 Bf5 24. Rd2 Re1+ 25. Kf2 Rc1 26. Ne4 Bxe4
27. fxe4 Kf8 28. Ke3 Ke7 29. Kd4 Ke6 30. a5 g5 31. h3 b6 32. axb6 axb6 33. c3 f6
34. Rf2 Rd1+ 35. Ke3 g6 36. Rd2 Rb1 37. Kd4 Rg1 38. b4 Ra1 39. Rd3 Ra2 40. Rg3
Rd2+ 41. Ke3 Rd1 42. h4 gxh4 43. Rxg6 Ke5 44. Rg8 Re1+ 45. Kd3 Kf4 46. Rh8 Re3+
47. Kd2 Rxe4 48. Rxh4+ Ke5 49. Rh3 Rg4 50. Re3+ Kd5 51. g3 c5 52. bxc5 bxc5 53.
Kd3 Ra4 54. Rf3 Ke5 55. Ke3 Re4+ 56. Kd3 f5 57. Re3 c4+ 58. Kd2 Kd5 59. Rxe4
Kxe4 60. Ke2 f4 61. gxf4 Kxf4 62. Kf2 Ke4 63. Ke2 1/2-1/2

[Event "25th Czech Open A 2014"]
[Site "Pardubice CZE"]
[Date "2014.07.21"]
[Round "4.19"]
[White "Garcia Roman, Daniel"]
[Black "Yuffa, Daniil"]
[Result "1-0"]
[WhiteTitle "IM"]
[BlackTitle "IM"]
[WhiteElo "2379"]
[BlackElo "2447"]
[WhiteFideId "2215870"]
[BlackFideId "24131423"]
[EventDate "2014.07.18"]

1. d4 Nf6 2. c4 g6 3. Nc3 Bg7 4. e4 d6 5. Be2 O-O 6. Nf3 e5 7. O-O Nc6 8. d5 Ne7
9. Ne1 Nd7 10. Be3 f5 11. f3 f4 12. Bf2 g5 13. a4 a5 14. Nd3 b6 15. b4 axb4 16.
Nxb4 Nf6 17. Nc6 Qd7 18. a5 bxa5 19. c5 Ba6 20. Bxa6 Rxa6 21. Qe2 Raa8 22. Qb5
g4 23. Nxa5 Qc8 24. Qb7 g3 25. hxg3 fxg3 26. Bxg3 Qe8 27. cxd6 cxd6 28. Nc6 Ng6
29. Rxa8 Qxa8 30. Qxa8 Rxa8 31. Rb1 Bf8 32. Be1 h5 33. g3 Ra3 34. Nb4 Ra5 35.
Bd2 Rc5 36. Rb3 Ra5 37. Rb1 Rc5 38. Rb3 Ra5 39. Nc2 Nh7 40. Kg2 h4 41. Ne3 Ng5
42. Ng4 Be7 43. Rb8+ Kg7 44. Rb7 Nf7 45. Ne3 hxg3 46. Nf5+ Kf6 47. Kxg3 Bf8 48.
Kg4 Ne7 49. Ng3 Kg6 50. Nf5 Kf6 51. Nh4 Ng6 52. Ng2 Ne7 53. Be1 Kg6 54. Bh4 Ng8
55. Rb8 Bg7 56. Kg3 Nf6 57. Bxf6 Bxf6 58. Nd1 Ra3 59. Nde3 Bg5 60. Nf5 Bd8 61.
Rb7 Ng5 62. Nge3 Ba5 63. Kg4 Ra1 64. Rd7 Bb4 65. Nh4+ Kf6 66. Kh5 Nf7 67. Ng4+
Kg7 68. Nf5+ Kf8 69. Kg6 Nh8+ 70. Kf6 Ra8 71. Ng7 1-0

[Event "25th Czech Open A 2014"]
[Site "Pardubice CZE"]
[Date "2014.07.21"]
[Round "4.20"]
[White "Rasik, Vitezslav"]
[Black "Kerigan, Demre"]
[Result "0-1"]
[WhiteTitle "IM"]
[BlackTitle "FM"]
[WhiteElo "2445"]
[BlackElo "2318"]
[WhiteFideId "300306"]
[BlackFideId "6307841"]
[EventDate "2014.07.18"]

1. e4 d6 2. d4 Nf6 3. Nc3 c6 4. f3 e5 5. Be3 Nbd7 6. Qd2 b5 7. O-O-O Be7 8. g4
Nb6 9. g5 Nfd7 10. f4 exd4 11. Qxd4 O-O 12. Nf3 Bb7 13. f5 c5 14. Qd2 b4 15. Nd5
Nxd5 16. exd5 Qa5 17. c4 Qxa2 18. f6 Bd8 19. Bd3 Nb6 20. Qc2 b3 21. Qe2 g6 22.
h4 Ba6 23. Nd2 Na4 24. Nb1 Re8 25. Rh3 Bc8 26. Rg3 Ba5 27. Rh1 Bg4 28. Qxg4 Nxb2
29. Qe2 Nxd3+ 30. Qxd3 Rab8 31. Bd2 b2+ 32. Kd1 Rb3 33. Qc2 Rxg3 34. h5 Bxd2 35.
hxg6 hxg6 36. Nxd2 Rg2 0-1

[Event "25th Czech Open A 2014"]
[Site "Pardubice CZE"]
[Date "2014.07.21"]
[Round "4.22"]
[White "Kravtsiv, Martyn"]
[Black "Tomazini, Zan"]
[Result "1/2-1/2"]
[WhiteTitle "GM"]
[BlackTitle "FM"]
[WhiteElo "2569"]
[BlackElo "2313"]
[WhiteFideId "14113147"]
[BlackFideId "14608162"]
[EventDate "2014.07.18"]

1. e4 e5 2. Nf3 Nc6 3. Bb5 a6 4. Ba4 Nge7 5. O-O g6 6. c3 Bg7 7. d4 exd4 8. cxd4
b5 9. Bc2 O-O 10. d5 Na5 11. Nc3 b4 12. Ne2 d6 13. a3 bxa3 14. Rxa3 c5 15. Ra2
Bg4 16. Qd3 Rb8 17. Qxa6 Nb3 18. Bf4 Bxf3 19. gxf3 Nc8 20. Qd3 Nd4 21. Nxd4 Bxd4
22. b3 f5 23. Ra6 fxe4 24. Qxe4 Re8 25. Qd3 Qh4 26. Bg3 Qh5 27. Qd1 Qxd5 28. Re1
Rxe1+ 29. Qxe1 Qxf3 30. Qe8+ Kg7 31. Rc6 Qf7 32. Qxf7+ Kxf7 33. Rc7+ Ke6 34.
Rxh7 Ne7 35. h4 Rh8 36. Rxh8 1/2-1/2

[Event "25th Czech Open A 2014"]
[Site "Pardubice CZE"]
[Date "2014.07.21"]
[Round "4.23"]
[White "Baryshpolets, Andrey"]
[Black "Jasny, Stanislav"]
[Result "1-0"]
[WhiteTitle "GM"]
[BlackTitle "IM"]
[WhiteElo "2546"]
[BlackElo "2385"]
[WhiteFideId "14117207"]
[BlackFideId "311030"]
[EventDate "2014.07.18"]

1. d4 Nf6 2. c4 e6 3. g3 Bb4+ 4. Bd2 c5 5. Bxb4 cxb4 6. Bg2 O-O 7. e4 d6 8. Ne2
e5 9. a3 bxa3 10. Nxa3 Nc6 11. O-O Re8 12. Re1 Qb6 13. Nb5 exd4 14. Nexd4 Bg4
15. Qd2 Ne5 16. b3 a6 17. Nc3 h6 18. Re3 Rad8 19. h3 Bc8 20. Rd1 Nc6 21. Nxc6
bxc6 22. Rd3 Bb7 23. Na4 Qc7 24. Rxd6 Rb8 25. Nc5 Bc8 26. Qd4 Nd5 27. e5 Nb4 28.
g4 h5 29. Rd8 Qe7 30. Qd6 Qxd6 31. Rxe8+ Qf8 32. Rdd8 Qxe8 33. Rxe8+ Kh7 34.
Be4+ 1-0

[Event "25th Czech Open A 2014"]
[Site "Pardubice CZE"]
[Date "2014.07.21"]
[Round "4.24"]
[White "Sergeyev, Alexander"]
[Black "Stocek, Jiri"]
[Result "0-1"]
[WhiteTitle "FM"]
[BlackTitle "GM"]
[WhiteElo "2389"]
[BlackElo "2545"]
[WhiteFideId "13702076"]
[BlackFideId "304760"]
[EventDate "2014.07.18"]

1. e4 d5 2. exd5 Nf6 3. c4 c6 4. Nc3 cxd5 5. d4 Be6 6. Nge2 dxc4 7. Nf4 Bg4 8.
f3 Bd7 9. Bxc4 e6 10. d5 e5 11. Nd3 Bd6 12. Bg5 h6 13. Bh4 O-O 14. O-O Bf5 15.
Nb5 a6 16. Nxd6 Qxd6 17. f4 exf4 18. Bxf6 Bxd3 19. Qxd3 Qxf6 20. Qe4 Nd7 21.
Qxf4 Rad8 22. Qxf6 Nxf6 23. Rad1 Rd6 24. Rd4 Rfd8 25. Bb3 Kf8 26. Re1 Re8 27.
Rc1 g5 28. h4 Re4 29. Rxe4 Nxe4 30. hxg5 hxg5 31. Rc7 b6 32. a3 Rf6 33. Bc2 Nd6
34. b4 Nb5 35. Rc8+ Ke7 36. Bd3 Nxa3 37. Bxa6 b5 38. Bb7 Nc4 39. Rc5 Nd6 40. Bc6
Rf4 41. Bxb5 Rxb4 42. Bf1 Rd4 43. Ra5 Kf6 44. g3 Ke5 45. Bg2 Rd1+ 46. Kh2 Rd2
47. Kg1 f6 48. Ra1 f5 49. Re1+ Kd4 50. Re6 Kc5 51. g4 fxg4 52. Re5 Nc4 53. Rxg5
Ne3 54. d6+ Kxd6 55. Bb7 Rc2 56. Be4 Rb2 57. Bg6 Ke6 58. Bh5 Rg2+ 59. Kh1 Rg3
60. Kh2 Rh3+ 61. Kg1 Kf6 62. Ra5 Rf3 63. Rb5 Rf1+ 64. Kh2 Rf2+ 65. Kg1 g3 66.
Rb1 Rg2+ 67. Kh1 Rh2+ 68. Kg1 Rxh5 69. Rb6+ Kf5 70. Rf6+ Kg4 71. Rf4+ Kh3 0-1

[Event "25th Czech Open A 2014"]
[Site "Pardubice CZE"]
[Date "2014.07.21"]
[Round "4.25"]
[White "Gopal, G.N."]
[Black "Repka, Christopher"]
[Result "1-0"]
[WhiteTitle "GM"]
[WhiteElo "2544"]
[BlackElo "2380"]
[WhiteFideId "5015693"]
[BlackFideId "14918781"]
[EventDate "2014.07.18"]

1. e4 e6 2. d4 d5 3. Nc3 Bb4 4. e5 c5 5. a3 Ba5 6. b4 cxd4 7. Nb5 Bc7 8. f4 Bd7
9. Nf3 Bxb5 10. Bxb5+ Nc6 11. Bd3 Nge7 12. O-O h6 13. Kh1 O-O 14. Qe2 f5 15.
exf6 Rxf6 16. b5 Na5 17. Bb2 Rxf4 18. Qxe6+ Kh8 19. Rae1 Ng8 20. Qg6 Nf6 21.
Bxd4 Qg8 22. Ng5 Rf8 23. Rxf4 Bxf4 24. Ne6 Bd2 25. Nxf8 Bxe1 26. Bxf6 1-0

[Event "25th Czech Open A 2014"]
[Site "Pardubice CZE"]
[Date "2014.07.21"]
[Round "4.26"]
[White "Aulia, Medina Warda"]
[Black "Mozharov, Mikhail"]
[Result "1/2-1/2"]
[WhiteTitle "WGM"]
[BlackTitle "GM"]
[WhiteElo "2382"]
[BlackElo "2540"]
[WhiteFideId "7101570"]
[BlackFideId "4189825"]
[EventDate "2014.07.18"]

1. e4 e5 2. Nf3 Nc6 3. Bc4 Bc5 4. c3 Nf6 5. d3 O-O 6. Bg5 Be7 7. Bb3 d6 8. Nbd2
h6 9. Bh4 Nd7 10. Bxe7 Qxe7 11. O-O Nc5 12. Nc4 Be6 13. Ne3 Nxb3 14. axb3 f5 15.
exf5 Bxf5 16. Nxf5 Rxf5 17. b4 Qf7 18. d4 e4 19. Nd2 Re8 20. Qe2 a6 21. Nc4 Rg5
22. Ne3 Ne7 23. f3 exf3 24. Qxf3 Qxf3 25. Rxf3 Ng6 26. Raf1 Nh4 27. Rh3 Re4 28.
Rf2 a5 29. bxa5 Rxa5 30. Kf1 Ra2 31. Rd2 b5 32. Kf2 b4 33. cxb4 Ra1 34. g3 Ng6
35. Rh5 Re8 36. Ra5 Rh1 37. Rh5 Rb1 38. Ke2 Nf8 39. Kd3 Ne6 40. Rf5 Ng5 41. Nd5
Rbe1 42. Nc3 g6 43. Rff2 Ne4 44. Nxe4 R1xe4 45. b5 Re3+ 46. Kc4 Kg7 47. Rc2 Rb8
48. Rce2 Rxe2 49. Rxe2 Kf6 1/2-1/2

[Event "25th Czech Open A 2014"]
[Site "Pardubice CZE"]
[Date "2014.07.21"]
[Round "4.27"]
[White "Sukandar, Irine Kharisma"]
[Black "Stefansson, Hannes"]
[Result "1/2-1/2"]
[WhiteTitle "WGM"]
[BlackTitle "GM"]
[WhiteElo "2375"]
[BlackElo "2536"]
[WhiteFideId "7101937"]
[BlackFideId "2300087"]
[EventDate "2014.07.18"]

1. e4 c5 2. Nf3 e6 3. d4 cxd4 4. Nxd4 Nc6 5. Nc3 Qc7 6. Be3 a6 7. Qd2 Nf6 8. f4
Bb4 9. Bd3 Na5 10. a3 Bxc3 11. Qxc3 Qxc3+ 12. bxc3 d5 13. e5 Ne4 14. Nb3 Nc4 15.
Bxc4 dxc4 16. Na5 Bd7 17. Bd4 b5 18. O-O Rc8 19. Rad1 Ke7 20. Rfe1 Nc5 21. Bf2
Rc7 22. Bh4+ f6 23. f5 Bc8 24. Bg3 Rd7 25. exf6+ gxf6 26. Nc6+ Ke8 27. Bd6 Nb7
28. Rxe6+ Kf7 29. Nb8 Rxd6 30. Rexd6 Nxd6 31. Rxd6 Bxf5 32. Nxa6 Re8 33. Nc7 Re2
34. Nxb5 Be4 35. Rd4 Bxg2 36. Nd6+ Ke6 37. Nxc4 Bd5 38. h4 Rxc2 39. Ne3 Rc1+ 40.
Kf2 Bc6 41. Rc4 Bd7 42. Re4+ Kd6 43. Rd4+ Ke6 44. Re4+ Kd6 45. Rf4 Ke5 46. Rd4
Ke6 1/2-1/2

[Event "25th Czech Open A 2014"]
[Site "Pardubice CZE"]
[Date "2014.07.21"]
[Round "4.28"]
[White "Megaranto, Susanto"]
[Black "Vrana, Jan"]
[Result "1-0"]
[WhiteTitle "GM"]
[BlackTitle "FM"]
[WhiteElo "2532"]
[BlackElo "2374"]
[WhiteFideId "7101384"]
[BlackFideId "322369"]
[EventDate "2014.07.18"]

1. d4 d5 2. c4 dxc4 3. e3 Nf6 4. Bxc4 e6 5. Nf3 a6 6. O-O c5 7. Bb3 Nc6 8. Qe2
cxd4 9. Rd1 Be7 10. exd4 O-O 11. Nc3 Nd5 12. Qe4 Nf6 13. Qe1 Nd5 14. Bd2 Re8 15.
Rac1 Bf8 16. Bg5 f6 17. Bh4 Nce7 18. Bg3 Kh8 19. Qe4 Nxc3 20. bxc3 Nf5 21. c4
Nxg3 22. hxg3 Rb8 23. c5 Qc7 24. d5 Bxc5 25. d6 Qb6 26. d7 Bxd7 27. Rxd7 Bxf2+
28. Kh2 Qb5 29. Rcc7 Qh5+ 30. Qh4 Qg6 31. Bc2 f5 32. Ne5 1-0

[Event "25th Czech Open A 2014"]
[Site "Pardubice CZE"]
[Date "2014.07.21"]
[Round "4.29"]
[White "Cerveny, Martin"]
[Black "Krejci, Jan2"]
[Result "0-1"]
[WhiteTitle "FM"]
[BlackTitle "GM"]
[WhiteElo "2375"]
[BlackElo "2528"]
[WhiteFideId "321141"]
[BlackFideId "322156"]
[EventDate "2014.07.18"]

1. d4 Nf6 2. Nf3 e6 3. c4 d5 4. Nc3 c6 5. e3 Nbd7 6. Bd3 dxc4 7. Bxc4 b5 8. Bd3
Bd6 9. O-O O-O 10. Qc2 Bb7 11. Bd2 a6 12. Ne4 Nxe4 13. Bxe4 f5 14. Bd3 c5 15.
dxc5 Nxc5 16. Be2 Rc8 17. Rad1 Bd5 18. Qb1 Ne4 19. Be1 Rf6 20. Rc1 Rxc1 21. Qxc1
Rg6 22. g3 h5 23. Bc3 h4 24. Be5 hxg3 25. Bxg3 Qb8 26. Qe1 Nxg3 27. fxg3 Bxg3
28. hxg3 Rxg3+ 29. Kh1 Rh3+ 30. Kg1 Bxf3 31. Rxf3 Qh2+ 32. Kf1 Qh1+ 33. Kf2 Rh2+ 0-1

[Event "25th Czech Open A 2014"]
[Site "Pardubice CZE"]
[Date "2014.07.21"]
[Round "4.30"]
[White "Cvek, Robert"]
[Black "Druska, Juraj"]
[Result "1/2-1/2"]
[WhiteTitle "GM"]
[BlackTitle "FM"]
[WhiteElo "2516"]
[BlackElo "2355"]
[WhiteFideId "307424"]
[BlackFideId "14915650"]
[EventDate "2014.07.18"]

1. d4 Nf6 2. c4 e6 3. Nf3 b6 4. g3 Ba6 5. Nbd2 Bb4 6. Qc2 Bb7 7. Bg2 Be4 8. Qb3
Bxd2+ 9. Bxd2 O-O 10. O-O d6 11. Rfd1 Nbd7 12. Rac1 a5 13. Bf1 Qe7 14. Qa3 Rfe8
15. Be1 h6 16. Nd2 Bb7 17. Nb1 e5 18. Nc3 exd4 19. Rxd4 Nc5 20. Nd5 Nxd5 21.
cxd5 Qe5 22. Rcd1 Ba6 23. e3 Bxf1 24. Kxf1 Qh5 25. Kg2 Ne4 26. Qd3 Ng5 27. Qf5
Qe2 28. R4d2 Qh5 29. Rd4 Qe2 30. R4d2 Qh5 1/2-1/2

[Event "25th Czech Open A 2014"]
[Site "Pardubice CZE"]
[Date "2014.07.21"]
[Round "4.31"]
[White "Teske, Henrik"]
[Black "Golubov, Saveliy"]
[Result "1/2-1/2"]
[WhiteTitle "GM"]
[WhiteElo "2512"]
[BlackElo "2339"]
[WhiteFideId "4611500"]
[BlackFideId "24176729"]
[EventDate "2014.07.18"]

1. d4 e6 2. e4 d5 3. Nd2 c5 4. exd5 exd5 5. Ngf3 Nf6 6. Be2 cxd4 7. O-O Be7 8.
Nxd4 O-O 9. N2b3 Nc6 10. Bf4 a6 11. Qd3 Nb4 12. Qd2 Ne4 13. Qc1 Qb6 14. Rd1 Re8
15. Bf3 Bd7 16. Be3 Qg6 17. c3 Nc6 18. Nxc6 bxc6 19. Nd4 Rad8 20. Qc2 Bd6 21.
Rac1 c5 22. Ne2 Bc6 23. b4 Bb5 24. bxc5 Bxc5 25. Bxc5 Nxc5 26. Qxg6 hxg6 27. Nf4
g5 28. Rxd5 Rxd5 29. Nxd5 Bc4 30. Nb4 a5 31. Nc6 Nd3 32. Ra1 a4 33. a3 Ne1 34.
Bd1 Bb3 35. Nb4 f5 36. f3 f4 37. Bxb3+ axb3 38. Rb1 g4 39. fxg4 f3 40. gxf3
Nxf3+ 41. Kf2 Nd2 42. Rb2 Ne4+ 43. Ke3 Nxc3+ 44. Kd2 Ne4+ 45. Kd3 Nc5+ 46. Kc4
Rc8 47. Kb5 Ne4 48. Rxb3 Nd6+ 49. Kb6 Nc4+ 50. Ka7 Rc5 51. Nc2 Nd2 52. Rb2 Nc4
53. Ra2 Kf7 54. a4 Kf6 55. Nd4 Rd5 56. Rf2+ Kg6 57. Nc6 Kg5 58. h3 Kh4 59. Rc2
Rc5 60. Nb4 Ra5+ 61. Kb7 1/2-1/2

[Event "25th Czech Open A 2014"]
[Site "Pardubice CZE"]
[Date "2014.07.21"]
[Round "4.32"]
[White "Seger, Ruediger"]
[Black "Boruchovsky, Avital"]
[Result "1-0"]
[WhiteTitle "IM"]
[BlackTitle "GM"]
[WhiteElo "2374"]
[BlackElo "2503"]
[WhiteFideId "4617274"]
[BlackFideId "2800055"]
[EventDate "2014.07.18"]

1. e4 e5 2. Nf3 Nc6 3. d4 exd4 4. Nxd4 Nf6 5. Nc3 Bb4 6. Nxc6 bxc6 7. Bd3 O-O 8.
O-O d5 9. exd5 cxd5 10. h3 c6 11. Qf3 Bd6 12. Bf4 Rb8 13. b3 Qc7 14. Ne2 Re8 15.
c4 d4 16. c5 Bxf4 17. Qxf4 Qxf4 18. Nxf4 Re5 19. Rac1 Kf8 20. Rfd1 Bb7 21. Bf1
Rd8 22. b4 g5 23. Nd3 Ree8 24. Nb2 Ne4 25. Nc4 Ba6 26. Na5 Bxf1 27. Kxf1 d3 28.
Nxc6 d2 29. Rc2 Rd5 30. f3 Ng3+ 31. Kf2 Nh1+ 32. Rxh1 d1=Q 33. Rxd1 Rxd1 34.
Nxa7 Rd7 35. Nb5 Red8 36. Nd6 Rc7 37. Ne4 Ra8 38. Kg3 f5 39. Nxg5 Ke7 40. Nxh7
Rb7 41. Kf4 Rh8 42. Re2+ Kd8 43. Nf6 Rxb4+ 44. Kxf5 Ra4 45. Rd2+ Kc7 46. Rd7+
Kc6 47. Rh7 Rd8 48. h4 Rd2 49. g4 Rf2 50. g5 Rxf3+ 51. Kg6 Kxc5 52. h5 Kd6 53.
h6 Ra8 54. Rg7 Rh3 55. Rg8 Rxa2 56. h7 Rah2 57. Kg7 Rg2 58. Ne4+ Ke5 59. Re8+
Kf5 60. h8=Q Rxh8 61. Kxh8 Kg6 62. Rg8+ Kf5 63. Nd6+ Ke5 64. g6 Kxd6 65. Kg7 Ke6
66. Ra8 Rb2 67. Ra3 Kf5 68. Ra5+ Ke6 69. Kg8 Kf6 70. Ra6+ Kg5 71. g7 Rb1 72. Ra2
Kg6 73. Rg2+ Kf6 74. Rh2 Rg1 75. Kh8 Kf7 76. Rf2+ Ke7 77. g8=Q Rh1+ 78. Qh7+ 1-0

[Event "25th Czech Open A 2014"]
[Site "Pardubice CZE"]
[Date "2014.07.21"]
[Round "4.33"]
[White "Nun, Jiri"]
[Black "Lalic, Bogdan"]
[Result "1/2-1/2"]
[WhiteTitle "IM"]
[BlackTitle "GM"]
[WhiteElo "2351"]
[BlackElo "2482"]
[WhiteFideId "300179"]
[BlackFideId "409081"]
[EventDate "2014.07.18"]

1. e4 c5 2. Nf3 d6 3. c3 Nf6 4. Be2 Bg4 5. d3 Nc6 6. Bg5 e6 7. Nbd2 Be7 8. Qa4
Nd7 9. Bxe7 Qxe7 10. O-O O-O 11. Rfe1 Nb6 12. Qb3 d5 13. a4 dxe4 14. dxe4 Qc7
15. Qa3 Nd7 16. b4 Rfd8 17. h3 Bxf3 18. Nxf3 1/2-1/2

[Event "25th Czech Open A 2014"]
[Site "Pardubice CZE"]
[Date "2014.07.21"]
[Round "4.34"]
[White "Potapov, Pavel"]
[Black "Gheng, Josef"]
[Result "1-0"]
[WhiteTitle "IM"]
[BlackTitle "FM"]
[WhiteElo "2482"]
[BlackElo "2336"]
[WhiteFideId "4169786"]
[BlackFideId "4618041"]
[EventDate "2014.07.18"]

1. e4 c6 2. d4 d5 3. e5 Bf5 4. h4 h6 5. g4 Be4 6. f3 Bg6 7. h5 Bh7 8. e6 fxe6 9.
Bd3 Nf6 10. Bxh7 Nxh7 11. Ne2 Qd6 12. Bf4 Qb4+ 13. Nbc3 Nd7 14. Qd3 O-O-O 15.
O-O-O e5 16. dxe5 e6 17. Nd4 Re8 18. Bg3 Bc5 19. Nb3 Bb6 20. f4 Nc5 21. Qg6
Nxb3+ 22. axb3 Be3+ 23. Kb1 Qe7 24. Bh4 Qc7 25. Rhf1 Bc5 26. Na4 Be3 27. Rf3 Bb6
28. Nxb6+ axb6 29. c4 Qd7 30. Bf2 Nf8 31. Qc2 Qd8 32. f5 Kb8 33. cxd5 cxd5 34.
Rfd3 Qe7 35. Bxb6 Rc8 36. Ba7+ Kxa7 37. Qxc8 Ng6 38. Qxe6 Qxe6 39. fxe6 Nxe5 40.
Rxd5 Nc6 41. Rd7 Re8 42. Re1 Ne7 43. Rc1 Ka6 44. Rcc7 Nc6 45. e7 1-0

[Event "25th Czech Open A 2014"]
[Site "Pardubice CZE"]
[Date "2014.07.21"]
[Round "4.35"]
[White "Alekseenko, Kirill"]
[Black "Rozhkov, Viacheslav"]
[Result "1-0"]
[WhiteTitle "FM"]
[BlackTitle "FM"]
[WhiteElo "2468"]
[BlackElo "2327"]
[WhiteFideId "4135539"]
[BlackFideId "4181484"]
[EventDate "2014.07.18"]

1. d4 d5 2. c4 dxc4 3. Nf3 Nf6 4. Nc3 a6 5. e4 b5 6. e5 Nd5 7. a4 Nxc3 8. bxc3
Qd5 9. g3 c5 10. Bg2 cxd4 11. O-O Bb7 12. Nh4 Qd7 13. e6 fxe6 14. Qh5+ g6 15.
Qe5 Bxg2 16. Qxh8 Bxf1 17. Bh6 Qd5 18. Qxf8+ Kd7 19. Rxf1 d3 20. Re1 b4 21. Nf3
bxc3 22. Ne5+ Kc7 23. Qxe7+ Kc8 24. Qe8+ Kc7 25. Bf4 g5 26. Qe7+ Kc8 27. Nxc4 1-0

[Event "25th Czech Open A 2014"]
[Site "Pardubice CZE"]
[Date "2014.07.21"]
[Round "4.36"]
[White "Firat, Burak"]
[Black "Krapivin, Vladislav"]
[Result "1-0"]
[WhiteTitle "IM"]
[BlackTitle "IM"]
[WhiteElo "2458"]
[BlackElo "2321"]
[WhiteFideId "6305881"]
[BlackFideId "4126149"]
[EventDate "2014.07.18"]

1. e4 d6 2. d4 Nf6 3. f3 Nbd7 4. Be3 e5 5. d5 Be7 6. Qd2 O-O 7. Ne2 Nb6 8. Na3
c6 9. c4 cxd5 10. cxd5 Bd7 11. Nc3 Na4 12. Nxa4 Bxa4 13. Be2 Nh5 14. g3 Bd7 15.
O-O Bh3 16. Rfc1 g6 17. Bh6 f5 18. Bxf8 Qb6+ 19. Kh1 Bg5 20. Qxg5 Qf2 21. Bf1
Bxf1 22. Rxf1 Qxb2 23. Bxd6 1-0

[Event "25th Czech Open A 2014"]
[Site "Pardubice CZE"]
[Date "2014.07.21"]
[Round "4.37"]
[White "Malakhov, Igor"]
[Black "Braeuer, Franz"]
[Result "1/2-1/2"]
[WhiteTitle "IM"]
[WhiteElo "2454"]
[BlackElo "2317"]
[WhiteFideId "4183088"]
[BlackFideId "24634468"]
[EventDate "2014.07.18"]

1. c4 Nf6 2. Nf3 g6 3. g3 Bg7 4. Bg2 d6 5. d4 Bd7 6. O-O Qc8 7. Re1 Bh3 8. Bh1
Bg4 9. Nc3 O-O 10. Bg5 Re8 11. Nd2 h6 12. Be3 e5 13. dxe5 dxe5 14. Qb3 Nc6 15.
Nde4 Nxe4 16. Bxe4 Rb8 17. Qa3 Nd4 18. Qxa7 c6 19. Qa4 Rd8 20. c5 Bf8 21. Qa5
Ra8 22. Qb4 b6 23. Bxd4 exd4 24. Na4 bxc5 25. Nxc5 Bf5 26. Bf3 Rb8 27. Qc4 Rxb2
28. Nd3 Be6 29. Qa4 Rb6 30. Rec1 c5 31. Nf4 Rb4 32. Qa5 Bf5 33. Nd3 Bxd3 34.
exd3 Qb8 35. Kg2 Rd7 36. a3 Rb2 37. Qa4 Ra7 38. Qc4 Qb3 39. Bd5 Qxc4 40. Bxc4 h5
41. Rcb1 Rxb1 42. Rxb1 Be7 43. Ra1 Kg7 44. a4 Bd8 45. Rb1 Ba5 46. Rb8 Bb4 47. h4
Bc3 48. Kf3 Rxa4 49. Rb7 Rb4 50. Rxf7+ Kh6 51. Bd5 Rb6 52. Be4 Rd6 53. Rc7 Be1
54. Kg2 Bb4 55. f3 Ba5 56. Ra7 Bd8 57. Kf2 c4 58. dxc4 d3 59. Ke1 Bb6 60. Ra3
d2+ 61. Kd1 Bf2 62. f4 Kg7 63. Bc2 Kf6 64. Ke2 Be1 65. Bd1 Ke7 66. Kf3 Rd4 67.
Rc3 Kd8 68. c5 Rb4 69. Ke2 Kc7 70. Kf1 Rb1 71. Ke2 Rb4 72. Kf1 Rb1 73. Ke2 Rb4 1/2-1/2

[Event "25th Czech Open A 2014"]
[Site "Pardubice CZE"]
[Date "2014.07.21"]
[Round "4.38"]
[White "Muhammad, Luthfi Ali"]
[Black "Yilmazyerli, Mert"]
[Result "0-1"]
[WhiteTitle "FM"]
[BlackTitle "FM"]
[WhiteElo "2336"]
[BlackElo "2452"]
[WhiteFideId "7103743"]
[BlackFideId "6305962"]
[EventDate "2014.07.18"]

1. e4 g6 2. d4 Bg7 3. Nc3 c6 4. Bc4 d6 5. Qf3 e6 6. Nge2 d5 7. Bd3 Nd7 8. O-O
Ne7 9. Re1 O-O 10. Bg5 Re8 11. Nd1 dxe4 12. Bxe4 Qa5 0-1

[Event "25th Czech Open A 2014"]
[Site "Pardubice CZE"]
[Date "2014.07.21"]
[Round "4.39"]
[White "Plischki, Sebastian"]
[Black "Kutynec, Vladimir"]
[Result "0-1"]
[WhiteTitle "IM"]
[BlackTitle "IM"]
[WhiteElo "2433"]
[BlackElo "2305"]
[WhiteFideId "4637143"]
[BlackFideId "4119843"]
[EventDate "2014.07.18"]

1. d4 d5 2. c4 Bf5 3. cxd5 Nf6 4. Qa4+ c6 5. dxc6 Nxc6 6. Nf3 a6 7. e3 b5 8. Qb3
Rc8 9. Bd2 e5 10. dxe5 Nb4 11. Na3 Bc2 12. Qxb4 Bxb4 13. Bxb4 Nd5 14. Bd6 Qa5+
15. Nd2 Nb4 16. Rc1 Kd7 17. Nxc2 Rxc2 18. Rxc2 Nxc2+ 19. Kd1 Qxa2 20. Kxc2 Rc8+
21. Kd3 Qd5+ 22. Ke2 Rc2 0-1

[Event "25th Czech Open A 2014"]
[Site "Pardubice CZE"]
[Date "2014.07.21"]
[Round "4.40"]
[White "Kohlweyer, Bernd"]
[Black "Dorst, Johannes"]
[Result "1-0"]
[WhiteTitle "IM"]
[WhiteElo "2422"]
[BlackElo "2299"]
[WhiteFideId "4600622"]
[BlackFideId "4650433"]
[EventDate "2014.07.18"]

1. d4 Nf6 2. c4 c5 3. d5 b5 4. Nf3 Bb7 5. Qc2 bxc4 6. e4 e6 7. Bxc4 exd5 8. exd5
Qe7+ 9. Be3 Nxd5 10. O-O Nxe3 11. fxe3 g6 12. Qc3 f6 13. Qb3 Bc6 14. Nc3 Bh6 15.
e4 Kf8 16. Nd5 Bxd5 17. Bxd5 Nc6 18. Bxc6 dxc6 19. e5 f5 20. Rad1 Kg7 21. Rd6
Rac8 22. Qc3 Rhd8 23. Rfd1 c4 24. Rd7 Be3+ 25. Kf1 Rxd7 26. Rxd7 1-0

[Event "25th Czech Open A 2014"]
[Site "Pardubice CZE"]
[Date "2014.07.21"]
[Round "4.41"]
[White "Zubritskiy, Artyom"]
[Black "Sundararajan, Kidambi"]
[Result "1/2-1/2"]
[BlackTitle "GM"]
[WhiteElo "2335"]
[BlackElo "2414"]
[WhiteFideId "4181247"]
[BlackFideId "5005370"]
[EventDate "2014.07.18"]

1. d4 e6 2. c4 f5 3. g3 Nf6 4. Bg2 c6 5. Nf3 d5 6. O-O Bd6 7. Qc2 O-O 8. Nc3 Ne4
9. Rb1 Qe7 10. a3 Nd7 11. b4 a6 12. Qb3 Kh8 13. Ne1 Nxc3 14. Qxc3 dxc4 15. Qxc4
e5 16. dxe5 Nxe5 17. Qc3 Be6 18. Bf4 Nc4 19. Nd3 Rad8 20. Rfd1 Bf7 21. e3 Kg8
22. Bf3 Bxf4 23. exf4 Qc7 24. Re1 Rfe8 25. Rxe8+ Rxe8 26. Rd1 a5 27. Nc5 axb4
28. axb4 Nb6 29. Qd4 Bd5 30. Bxd5+ Nxd5 31. b5 Qe7 32. Nxb7 Qxb7 33. bxc6 Qxc6
34. Qxd5+ Qxd5 35. Rxd5 Rf8 36. Kf1 Rf6 37. Rd7 Re6 38. Kg2 h6 39. Kf3 Kh7 40.
h3 h5 1/2-1/2